JetPunk Feud #1 - Countries of the World - Statistics

General Stats
  • This quiz has been taken 2,506 times
  • The average score is 7 of 9
Answers on the Map
Answers color-coded by a green-red scale on the quiz's map according to % correct below.
 
Answer Stats
Answer % Correct
United States
99%
China
92%
United Kingdom
89%
France
86%
Canada
79%
Russia
75%
Mexico
66%
Brazil
41%
Australia
37%
No matching quizzes found
Score Distribution
Percent of People with Each Score
Percentile by Number Answered
Your Score History
You have not taken this quiz